Использование метода вихревых токов для получения информации о структуре составного электропроводящего объекта; Информационные технологии (IT) в контроле, управлении качеством и безопасности
| Parent link: | Информационные технологии (IT) в контроле, управлении качеством и безопасности.— 2019.— [С. 149-153] |
|---|---|
| Glavni avtor: | |
| Korporativna značnica: | |
| Izvleček: | Заглавие с экрана Статья посвящена анализу информативных возможностей вихретокового вида контроля по сравнению с другими видами контроля. Проведенные исследования показывают возможность использования метода вихревых токов для определения структуры неоднородного составного объекта. The article is devoted to the analysis of informative possibilities of eddy current type of control in comparison with other types of control. The conducted studies show the possibility of using the method of eddy currents to determine the structure of a heterogeneous, composite object. |
| Jezik: | ruščina |
| Izdano: |
2019
|
| Teme: | |
| Online dostop: | http://earchive.tpu.ru/handle/11683/57580 |
| Format: | MixedMaterials Elektronski Book Chapter |
| KOHA link: | https://koha.lib.tpu.ru/cgi-bin/koha/opac-detail.pl?biblionumber=630785 |
MARC
| LEADER | 00000naa2a2200000 4500 | ||
|---|---|---|---|
| 001 | 630785 | ||
| 005 | 20231102024503.0 | ||
| 035 | |a (RuTPU)RU\TPU\conf\32284 | ||
| 035 | |a RU\TPU\conf\32283 | ||
| 090 | |a 630785 | ||
| 100 | |a 20200122d2019 k y0rusy50 ca | ||
| 101 | 0 | |a rus | |
| 102 | |a RU | ||
| 105 | |a y z 101zy | ||
| 135 | |a drcn ---uucaa | ||
| 181 | 0 | |a i | |
| 182 | 0 | |a b | |
| 200 | 1 | |a Использование метода вихревых токов для получения информации о структуре составного электропроводящего объекта |d Use of the eddy current method for obtaining information on the structure of a composite electric conducting object |f П. В. Лысенко | |
| 203 | |a Текст |c электронный | ||
| 230 | |a 1 компьютерный файл (pdf; 716 Кб) | ||
| 300 | |a Заглавие с экрана | ||
| 320 | |a [Библиогр.: с. 153 (5 назв.)] | ||
| 330 | |a Статья посвящена анализу информативных возможностей вихретокового вида контроля по сравнению с другими видами контроля. Проведенные исследования показывают возможность использования метода вихревых токов для определения структуры неоднородного составного объекта. | ||
| 330 | |a The article is devoted to the analysis of informative possibilities of eddy current type of control in comparison with other types of control. The conducted studies show the possibility of using the method of eddy currents to determine the structure of a heterogeneous, composite object. | ||
| 463 | 0 | |0 (RuTPU)RU\TPU\conf\32128 |t Информационные технологии (IT) в контроле, управлении качеством и безопасности |o сборник научных трудов VIII Международной конференции школьников, студентов, аспирантов, молодых ученых "Ресурсоэффективные системы в управлении и контроле: взгляд в будущее", 7 -12 октября 2019 г., г. Томск |f Национальный исследовательский Томский политехнический университет (ТПУ) |v [С. 149-153] |d 2019 | |
| 510 | 1 | |a Use of the eddy current method for obtaining information on the structure of a composite electric conducting object |z eng | |
| 610 | 1 | |a электронный ресурс | |
| 610 | 1 | |a труды учёных ТПУ | |
| 610 | 1 | |a вихревые методы | |
| 610 | 1 | |a вихретоковые преобразователи | |
| 610 | 1 | |a электропроводящие объекты | |
| 610 | 1 | |a диэлектрические слои | |
| 610 | 1 | |a зазоры | |
| 610 | 1 | |a неоднородности | |
| 610 | 1 | |a измерения | |
| 610 | 1 | |a графики | |
| 610 | 1 | |a поверхности | |
| 610 | 1 | |a структуры | |
| 610 | 1 | |a eddy current method | |
| 610 | 1 | |a eddy current transducer | |
| 610 | 1 | |a composite conductive object | |
| 610 | 1 | |a dielectric layer | |
| 610 | 1 | |a object structure | |
| 610 | 1 | |a gap | |
| 610 | 1 | |a heterogeneity | |
| 610 | 1 | |a measurement | |
| 610 | 1 | |a surface plot | |
| 700 | 1 | |a Лысенко |b П. В. |g Полина Викторовна | |
| 712 | 0 | 2 | |a Национальный исследовательский Томский политехнический университет |c (2009- ) |2 stltpush |3 (RuTPU)RU\TPU\col\15902 |9 26305 |
| 801 | 2 | |a RU |b 63413507 |c 20200128 |g RCR | |
| 856 | 4 | |u http://earchive.tpu.ru/handle/11683/57580 | |
| 942 | |c BK | ||